[Event "Maribor Pirc Memorial"]
[Site "Maribor"]
[Date "1994.??.??"]
[Round "3"]
[White "Rotstein, Arkadij"]
[Black "Gostisa, Leon F"]
[Result "1/2-1/2"]
[WhiteElo "2480"]
[BlackElo "2410"]
[Annotator "Stohl,I"]
[PlyCount "150"]
[EventDate "1994.02.??"]
[EventType "tourn"]
[EventRounds "11"]
[EventCountry "SLO"]
[EventCategory "9"]
[SourceTitle "CBM 040"]
[Source "ChessBase"]
[SourceDate "1994.06.01"]
[SourceVersion "1"]
[SourceVersionDate "1994.06.01"]
[SourceQuality "1"]

1. c4 Nf6 2. Nf3 c5 3. Nc3 (3. g3 b6 4. Bg2 Bb7 5. Nc3 g6 6. O-O Bg7 7. b3 O-O
8. Bb2 Na6 $1 9. Qb1 d5 10. cxd5 Nxd5 11. Nxd5 Qxd5 12. Bxg7 Kxg7 13. Qb2+ f6
14. Ne1 Qd7 15. Bxb7 Qxb7 16. f4 Rad8 17. Rc1 Rd6 18. Nf3 Rfd8 19. Rc4 Nc7 20.
Rfc1 a5 21. a3 Ne6 22. d3 Nd4 $10 {Mohr,G-Cebalo,M/Maribor Pirc/1994/}) 3... e6
4. g3 b6 5. Bg2 Bb7 6. O-O d6 7. d4 cxd4 8. Qxd4 a6 9. b3 (9. Rd1 Be7 10. Bg5
Nbd7 11. Bxf6 Nxf6 12. Na4 Rb8 13. c5 $6 dxc5 14. Qe5 Bd5 15. e4 Nxe4 16. Qxg7
Bf6 17. Qh6 Qe7 18. Rac1 Rb7 19. h4 Nd6 20. g4 Rg8 21. Qf4 Kf8 22. g5 Bh8 23.
Nc3 Bxf3 24. Bxf3 Rd7 $13 {Fancsy,I-Kalesis,N/Budapest FebGM/1994/}) 9... Nbd7
10. Rd1 Be7 11. e4 (11. Bb2 O-O 12. Rac1 Qc7 13. e4 Rfd8 (13... Rfe8 $142 $132)
14. Qe3 Rac8 15. Nd4 Qb8 16. Re1 Bf8 17. h3 g6 18. Kh2 Re8 19. Qg5 Bg7 20. Rcd1
$14 {Fuglsang,F-Michaelsen,N/Lyngby op/1990/}) 11... Qb8 (11... Qc8 $5 12. Bb2
O-O 13. Rac1 Rd8 14. Qe3 Qc7 15. Nd4 Rac8 16. Qe2 Qb8 17. g4 g5 $6 18. h4 h6
19. hxg5 hxg5 20. f4 $1 $36 {Shahade,M-Stone,R/Philadelphia/1989/}) 12. Qe3 (
12. Ba3 Nc5 13. e5 dxe5 14. Qxe5 Ncd7 $1 15. Qxb8+ Rxb8 $132) 12... O-O 13. Nd4
Re8 14. Bb2 Bf8 15. Qd2 (15. Re1 Qa7 16. Rad1 Rad8 17. Qe2 g6 18. Kh1 Qa8 19.
f3 h5 20. Qf2 Qb8 21. Qe3 $13 {Seirawan,Y-Ribli,Z/Wijk/1983/}) 15... Qa7 16.
Re1 Rad8 17. h3 Qa8 18. Rad1 g6 19. Kh2 Bg7 20. Qc2 Nc5 21. f3 (21. f4 $6 e5
$17) 21... Qb8 (21... d5 22. cxd5 exd5 23. e5 Nh5 24. f4 $16) 22. Qf2 Nh5 (
22... d5 $5 23. e5 (23. b4 Ncd7 24. exd5 exd5 25. cxd5 Ne5 $5 $13) 23... Nfd7
$5 (23... Nh5 24. cxd5 Bxe5 25. f4 {/\b4+/-}) 24. b4 dxc4 $5 (24... Nxe5 25.
bxc5 bxc5 26. Nb3 dxc4 27. Nxc5 Nxf3+ $1 28. Bxf3 Bxf3 $44) 25. bxc5 bxc5 26.
Nde2 Nxe5 $44 {|^}) 23. Bc1 h6 (23... d5 $6 24. exd5 exd5 25. Rxe8+ Rxe8 26.
Nxd5 $16) 24. Nde2 Ba8 {/\b5|^<<} 25. g4 $5 d5+ (25... Nf6 $132 {/\d5,b5}) 26.
f4 $8 (26. Kg1 Nf6 $15 {עg1}) 26... d4 (26... Nf6 $5 27. exd5 exd5 28. cxd5
Nfe4 $44) 27. b4 $5 (27. gxh5 dxc3 28. hxg6 fxg6 $17) (27. Nxd4 $6 Bxd4 28.
Rxd4 Rxd4 29. Qxd4 Nxf4 $17) 27... dxc3 28. Rxd8 Rxd8 29. bxc5 Nf6 30. e5 Nd7 (
30... Ne4 31. Bxe4 Bxe4 32. Nxc3 Ba8 33. cxb6 $16) (30... Bxg2 $2 31. exf6 $18)
31. Bxa8 Nxc5 $5 (31... Qxa8 32. cxb6 Qc6 33. Nxc3 Nxb6 34. c5 $14) 32. Bf3 Nd3
33. Qg3 Nxe1 34. Qxe1 g5 $14 {<=>} (34... c2 $142 $5 35. Qc3 g5) 35. Qxc3 gxf4
36. Bxf4 Rc8 {><c4,e5,/\Rc5,b5} 37. Kg2 (37. Ng3 Rc5 38. Nh5 Bxe5 39. Nf6+ Kg7
$10) 37... Rc5 38. Qe3 Rxc4 (38... Bxe5 $6 39. Bxh6 $40) 39. Bxh6 (39. Ng3 $2
Rxf4 $1 40. Qxf4 Bxe5 $15) 39... Qxe5 40. Qd3 (40. Qxe5 $6 Bxe5 $36 {><a2})
40... b5 41. Bd2 $14 Bf6 42. a3 (42. Ng3 Ra4 43. Qc2 $5 {/\} Qb2 $2 44. Qc8+
Kh7 45. Be4+) 42... Be7 43. Bc3 Qd6 44. Qe3 Qc5 (44... Qxa3 $2 45. Qe5 $16) 45.
Bd4 Qg5 46. Qe4 e5 $5 47. Qa8+ (47. Qxe5 Qxe5 48. Bxe5 Bxa3 $15) 47... Bf8 48.
Bf2 Rc2 49. Ng3 Qf4 (49... Qe3 $5 50. Ne4 $8 Qxa3 51. Nf6+ $36) 50. Ne4 Qe3 51.
Qd8 $40 a5 (51... Qxa3 52. Nf6+ Kg7 53. Nh5+ $16) 52. g5 (52. Qxa5 $2 Bc5 $17)
52... Qd4 53. Qe8 Kg7 54. Kg3 (54. Qxb5 $5 Bc5 55. Qxc5 $1 Rxf2+ 56. Kg3 Qxc5
57. Nxc5 $16) (54. g6 $5 fxg6 55. Kg3 $36) 54... Rxf2 $8 55. Nxf2 Qf4+ 56. Kg2
b4 (56... Qxg5+ $5 57. Ng4 Qd2+ 58. Kf1 Qc1+ $132) 57. Ne4 (57. axb4 $142 Qxg5+
(57... axb4 58. Ne4 $16) 58. Ng4 Qd2+ 59. Kf1 Qc1+ 60. Kf2 $16) 57... bxa3 58.
Qc6 (58. Qa4 Qc1 $1 {/\Qb2,a2-+} (58... Be7 59. Qxa5 Bxg5 $14)) 58... Be7 $1
$14 59. Qd5 Bxg5 60. Qb3 Bh4 61. Qa4 (61. Qxa3 f5 $10) 61... Bf6 62. Qxa3 Bh4
63. Kh1 f5 64. Nd6 Kg6 (64... e4 65. Qc3+ $36) 65. Qb3 Qc1+ 66. Qd1 (66. Kg2
Qg5+ $10) (66. Bd1 $2 Qc6+) 66... Qxd1+ 67. Bxd1 e4 $10 68. Ba4 Be7 69. Nc4 Bb4
70. Kg2 Kg5 71. Bc6 Kf4 72. Bd7 e3 73. Kf1 (73. Nxe3 Kxe3 74. Bxf5 $10) 73...
a4 (73... Kf3 74. Ne5+ $5) 74. Nb6 (74. Bxa4 Kg3 75. Nxe3 Kxh3 $10) 74... Kf3 (
74... a3 $4 75. Nd5+ $18) 75. Bc6+ $8 Kg3 1/2-1/2

[Event "USA-ch"]
[Site "Seattle"]
[Date "2000.10.06"]
[Round "11"]
[White "Seirawan, Yasser"]
[Black "Gulko, Boris F"]
[Result "1-0"]
[WhiteElo "2647"]
[BlackElo "2643"]
[Annotator "Stohl,I"]
[PlyCount "107"]
[EventDate "2000.09.25"]
[EventType "tourn"]
[EventRounds "11"]
[EventCountry "USA"]
[EventCategory "14"]
[SourceTitle "CBM 080"]
[Source "ChessBase"]
[SourceDate "2001.01.25"]
[SourceVersion "1"]
[SourceVersionDate "2001.01.25"]
[SourceQuality "1"]

1. Nf3 c5 2. c4 Nc6 3. d4 cxd4 4. Nxd4 e6 (4... Nf6 5. Nc3 e6 {-A33}) 5. Nb5 $5
{With the N on c3 and f6 the line is well-known to theory, as it is a
relatively uncharted position arises} d6 (5... d5 $2 6. cxd5 exd5 7. Bf4 $16) (
5... Nf6 6. Bf4 (6. Nd6+ Bxd6 7. Qxd6 Ne4 8. Qd3 d5 $132) 6... Bb4+ (6... e5 7.
Bg5 $14) 7. N1c3 O-O 8. Bd6 Bxd6 9. Nxd6 {-A33} Qb6 (9... Ne8 10. e3 Qb6 11.
Rb1 Ne5 12. Nxe8 Rxe8 13. Be2 d6 14. O-O Bd7 15. Qd2 Rad8 16. Rfd1 Bc6 17. b4
d5 18. c5 Qc7 19. Nb5 Bxb5 20. Bxb5 Ng4 21. g3 $14 {Kramnik,V-Gelfand,B/Monte
Carlo rpd/2000/}) 10. Qd2 Ne8 11. Nxe8 Rxe8 12. e3 Rd8 13. Rc1 d6 14. Be2 a6
15. O-O Qc7 16. Rfd1 Qe7 17. Na4 Qc7 18. Nc3 Qe7 19. e4 b6 20. Qe3 Rb8 21. a3
Bd7 22. b4 Be8 23. h3 h6 24. Rd2 Rdc8 25. f4 {(),Kasparov,G-Kramnik,V/Moscow
5' m/1998/}) (5... a6 6. Nd6+ Bxd6 7. Qxd6 Nge7 8. Nc3 O-O 9. b3 (9. g3 $142
$14) 9... b5 10. e4 f5 11. cxb5 axb5 12. Bxb5 fxe4 13. O-O Nf5 14. Qd1 Ncd4 15.
a4 Bb7 16. Be3 Nf3+ $1 17. Kh1 Qc7 18. gxf3 Nxe3 19. fxe3 exf3 20. Rf2 Qxc3 $15
{Huebner,R-Wedberg,T/Luzern/1979/}) (5... Bb4+ 6. N1c3 a6 (6... Nf6 $142 {
-5...Nf6}) 7. Nd6+ Ke7 8. Bf4 e5 9. Bg5+ f6 10. Nxc8+ Rxc8 11. Bd2 Kf7 12. e3
Nge7 13. Rc1 Qb6 14. Ne4 Nf5 15. Bd3 g6 16. c5 Qa5 17. O-O Kg7 18. Bxb4 Qxb4
19. Rc3 Qxb2 20. Rb3 Qxa2 21. Nc3 Qa5 22. Bxf5 gxf5 23. Qxd7+ Kg6 24. Rxb7 Qxc3
25. Qf7+ Kg5 26. h4+ Kg4 27. f3+ {1-0,Akesson,R-Rajskij,E/Stockholm/1991/}) 6.
Bf4 $146 {White forces e5, intending to play a Sveshnikov-like structure. But
Black can deploy his Ng8 more effectively, not allowing it to be pinned and
exchanged by the white B.} (6. g3 a6 7. N5c3 Nf6 8. Bg2 Be7 9. O-O O-O 10. Bf4
e5 $2 (10... Nh5 $142 $14) 11. Bg5 Be6 12. Na3 Qd7 13. Qd2 h6 14. Bxf6 Bxf6 15.
Rfd1 Rad8 16. Nd5 Bg5 17. Qe1 Bh3 18. Qf1 Bxg2 19. Qxg2 $16 {Calotescu,
C-Istrati,V/ROM-chT/2000/}) (6. e4 a6 7. N5c3 Nf6 {-B44} 8. Be2 Be7 9. O-O b6
10. Be3 Bb7 11. Qb3 Nd7 12. Rd1 Rb8 13. Na3 O-O 14. f3 Re8 15. Qc2 Rc8 16. Rac1
Bf8 17. Qd2 Ba8 18. Bf2 Ncb8 19. Bf1 Qc7 20. Nc2 Ne5 21. Ne3 Nbd7 22. Ne2 {
1/2-1/2, Yermolinsky,A-De Firmian,N/USA-ch Modesto/1995/}) 6... e5 $8 {[%mdl
16]} (6... Ne5 $2 7. c5 $18) 7. Bg3 Nh6 $1 (7... Nf6 $143 8. Bh4 $1 Qa5+ 9.
N1c3 Ne4 10. e3 a6 11. Nc7+ Qxc7 12. Nxe4 $36) 8. Nd2 (8. N1c3 a6 9. Na3 Be6
$13) 8... Be7 9. e3 {Rather passive, now Black gains a lot of space on the >>.}
(9. e4 O-O 10. Be2 Be6 11. O-O a6 12. Nc3 Bh4 $11) 9... O-O 10. Be2 f5 11. f3 (
11. f4 Be6 {/\} 12. O-O a6 13. Nc3 Qb6 $132) 11... f4 12. exf4 exf4 13. Bf2 Bh4
(13... Bf6 14. Qb3 $5 (14. Ne4 Bxb2 15. Rb1 Qa5+ $15) 14... Nf5 15. Ne4 Qa5+
16. Kf1 $13) 14. O-O Bxf2+ 15. Rxf2 a6 16. Nc3 Nf5 17. Nde4 Be6 18. Qd2 {
[%csl Rd6,Rf4] ק} Qh4 $5 $13 19. Nd5 (19. Nxd6 Rad8 20. c5 Rf6 21. Bd3 Rh6 22.
h3 Nxd6 (22... Ne3 $5 $44) 23. cxd6 Bxh3 $5 24. gxh3 Qxh3 (24... Rhxd6 25. Bc4+
Kh8 26. Qe2 Qxh3 27. Rh2 Qg3+ 28. Qg2 $16) 25. Rh2 Qg3+ 26. Rg2 Qh4 27. Bc4+
Kh8 28. Rd1 (28. Re1 Qh1+ 29. Kf2 Qh4+ $44) 28... Ne5 29. Qd5 Nxc4 30. Qxc4 Re8
$1 {/\Qh1-h4=}) 19... Bxd5 20. Qxd5+ Kh8 21. Bf1 $5 (21. Nxd6 $6 Nxd6 22. Qxd6
Rf6 23. Qd7 Rh6 24. h3 Rd8 25. Qxb7 Qg3 $44 26. Bd1 Rxh3 27. Qxc6 Qh2+ 28. Kf1
Qh1+ 29. Ke2 Rh6 $40) 21... Rad8 22. Rd2 Qe7 23. Rc1 Ne3 (23... Qc7 $143 {
/\Nb4-+} 24. c5 dxc5 (24... Nce7 25. Qd3 d5 26. Ng5 $36) 25. Qxc5 $14) 24. Qg5
Qc7 25. Qh4 h6 26. Nc3 Qa5 (26... Ne5 27. b3 $142 (27. Nd5 Qc5 28. b4 (28. Nxe3
fxe3 29. Re2 Rde8 $17 {[%cal Re5g6,Rg6f4] /\Ng6-f4}) 28... Qc6 $36 {[%csl Rc4]
[%cal Rb7b5] ><c4,/\b5}) 27... d5 28. cxd5 Rxd5 $5 $11) 27. Qf2 Rfe8 28. b3 Nb4
29. g3 $1 $132 Qf5 (29... d5 30. cxd5 (30. gxf4 $2 Nxf1 31. Rxf1 dxc4 $17)
30... Nbxd5 31. Ne4 $132 (31. Nxd5 Rxd5 32. Rxd5 Qxd5 $36)) 30. a3 fxg3 31.
hxg3 Nxf1 32. Rxf1 (32. Qxf1 $5 Qg5 33. Qd1 Nd3 $5 (33... Nc6 34. Kg2 $14) 34.
Rxd3 Qxg3+ 35. Kf1 Qh3+ $11) 32... Nd3 33. g4 (33. Qd4 Nc5 34. b4 Nb3 35. Qd3
Qe5 36. Rg2 Nd4 $36) 33... Qg6 (33... Nxf2 34. gxf5 Nh3+ 35. Kh2 Nf4 36. Ne4 d5
37. Rfd1 Re5 38. f6 gxf6 39. Nxf6 Rf5 40. Nxd5 Rg8 $11) 34. Qg3 Ne5 (34... Nc5
$5 35. b4 Nb3 36. Rdd1 Qe6 (36... Qc2 37. f4 {/\Rf2+/=}) 37. Ne4 Qxc4 (37... d5
38. cxd5 Rxd5 $11) 38. Nxd6 Qc7 $13) 35. Nd5 Rf8 36. Rg2 b5 37. f4 Qf7 $2 $138
(37... bxc4 $1 38. Rd1 (38. fxe5 Rxf1+ 39. Kxf1 Qf7+ $17) 38... Nd3 (38... Qxg4
$5 39. Qxg4 Nxg4 40. Rxg4 cxb3 $44) 39. bxc4 Nc5 $11) 38. Rff2 $5 $138 (38. Rd1
$36) 38... bxc4 39. bxc4 Nxc4 40. Qd3 Rc8 (40... Na5 41. g5 Qf5 42. Qd2 $1 Nb3
43. Qd1 $40) 41. g5 $1 $40 Rc5 (41... Rg8 42. Rh2 $16) 42. gxh6 gxh6 43. Qh3 h5
$8 (43... Kh7 44. Rg5 $1 {[%cal Rh3h6] /\Qh6!+-}) 44. Nc3 Re8 (44... Qf5 $5 45.
Qg3 Rc7 $13) 45. f5 $1 Ne3 (45... Re3 46. Qh4 Rxc3 47. Rg5 Rc1+ 48. Kh2 Rc7 49.
Rg6 $1 Qf8 $8 50. Rf6 Qg7 51. Rg2 Qxg2+ 52. Kxg2 Rg7+ 53. Rg6 $16) 46. Rg5 Rg8
47. Qxe3 (47. Rfg2 $1 Rxg5 (47... Nxg2 48. Rxh5+ Kg7 49. Rh7+ Kf8 50. Rxf7+
Kxf7 51. Qh5+ Kf6 52. Ne4+ Ke5 53. f6+ Kxe4 (53... Kd4 54. f7 $18) 54. Qh7+ $18
) 48. Rxg5 Rxf5 49. Qxe3 $16 {/+-}) 47... Rxg5+ 48. Qxg5 Rxc3 49. Rg2 Kh7 50.
f6 Rc4 $2 (50... Rf3 $1 51. Rf2 (51. Rh2 Qa7+ 52. Kg2 Qf2+ 53. Kh1 Qf1+ 54. Qg1
Kh6 $19) 51... Rxf2 52. Kxf2 Qa2+ 53. Ke1 (53. Kg1 $2 Qg8 $19) 53... Qe6+ 54.
Kf2 Qg4 $15) 51. Qf5+ Kh6 52. Qg5+ (52. Rg7 Rg4+ $1 53. Qxg4 $2 Qxf6 $17) 52...
Kh7 53. Rh2 $1 $18 Rc5 (53... h4 54. Rg2 $1 Rd4 55. Qf5+ Kh6 (55... Kh8 56.
Qc8+ Kh7 57. Rg7+ $18) 56. Qf2 Re4 57. Qd2+ $18 {mates or wins the Q.}) 54.
Rxh5+ $1 (54. Rxh5+ Qxh5 55. Qg7#) 1-0

[Event "Czerniak Memorial 14th"]
[Site "Tel Aviv"]
[Date "1998.04.09"]
[Round "1"]
[White "Zifroni, Dov"]
[Black "Kaspi, Alexander"]
[Result "1/2-1/2"]
[WhiteElo "2500"]
[BlackElo "2525"]
[Annotator "Stohl,I"]
[PlyCount "130"]
[EventDate "1998.04.09"]
[EventType "tourn"]
[EventRounds "9"]
[EventCountry "ISR"]
[EventCategory "9"]
[SourceTitle "CBM 065"]
[Source "ChessBase"]
[SourceDate "1998.08.06"]
[SourceVersion "1"]
[SourceVersionDate "1998.08.06"]
[SourceQuality "1"]

1. Nf3 Nf6 2. c4 b6 3. g3 Bb7 4. Bg2 c5 5. O-O e6 6. Nc3 Be7 7. d4 cxd4 8. Qxd4
d6 9. b3 Nbd7 10. Rd1 (10. e4 a6 11. Ba3 Nc5 12. Rad1 Qc8 $1 13. Qe3 O-O 14.
Nd4 Re8 15. Rfe1 Qc7 16. Bb2 Rad8 $132 17. h3 {1/2,David,P-Jurek,J/CS-chT/1998/
}) 10... a6 11. e4 {It is rather suprising that hedgehog pawn structures are
quite vulnerable against plans, connected with quick simplification. Without
the Q on board White often has more chances to advance his pawns on both
flanks, thus emphasizing his space advantage without having to think about a
devastating counterattack.} Qc7 $6 {Black's move furthers the aforementioned
ideas.} ({After} 11... Qc8 $142 $1 12. Ba3 (12. Bb2 O-O 13. Nd2 Qc7 14. Rac1
Rac8 (14... Rad8 15. h3 Qb8 16. a3 Rfe8 17. b4 Bf8 18. Kh2 g6 19. Qe3 d5 $5 20.
Ne2 dxc4 21. Nxc4 b5 22. Na5 Bg7 23. Bd4 Rc8 $132 {Pelletier,Y-Wahls,M/Biel/
1994/}) 15. h3 Rfe8 16. a3 Bf8 ({Black played too passively in} 16... Qb8 17.
b4 Red8 18. Qe3 Ba8 19. Qe2 Ne8 20. Nf1 Bb7 21. Kh2 Nef6 22. Nd2 Ne8 23. Re1
Ba8 24. Nb3 Bg5 25. Rc2 Rc7 26. f4 Bf6 27. Rec1 Rdc8 28. Nd1 Bb7 29. Qd3 Bxb2
30. Nxb2 Qa8 31. Nd1 a5 $6 32. Nd4 $1 $36 {Karpov,A-Ribli,Z/Dubai olm/1986/})
17. Re1 Qb8 18. b4 Ba8 19. Qd3 g6 20. Qe2 Bh6 21. Rcd1 Qc7 22. Ncb1 Bc6 23. Rc1
Qb8 24. Nc3 b5 25. cxb5 axb5 26. Rcd1 Ne5 27. f4 Ned7 28. Qf2 Bg7 29. Nb3 e5
30. f5 gxf5 31. Qxf5 Nb6 $13 {Pogorelov,R-Suba,M/Las Palmas op/1995/}) 12...
Nc5 13. e5 Bxf3 $5 (13... dxe5 14. Nxe5 Bxg2 15. Kxg2 Qb7+ 16. Kg1 O-O 17. Qe3
Rad8 18. Qf3 Qxf3 19. Nxf3 Rxd1+ 20. Rxd1 Rd8 21. Rxd8+ Bxd8 22. Kf1 Nce4 23.
Nxe4 Nxe4 24. Bb2 g5 25. g4 f6 $11 {Ekstroem,R-Pelletier,Y/Dresden zt/1998/
Black has a much more acceptable version of the _|_ in our game.}) 14. Bxf3
dxe5 15. Qe3 (15. Qxe5 Ncd7 16. Rxd7 Nxd7 17. Qxg7 Bf6 18. Qh6 Bxc3 19. Rc1 Bf6
20. Rd1 Be7 21. Bh5 Bxa3 22. Qxe6+ Be7 23. Bxf7+ Kd8 24. Qxb6+ Qc7 25. Qd4 Rf8
26. Be6 Ra7 27. Bxd7 Qc5 $19 {Villamayor,B-Wojtkiewicz,A/Greenhills op/1997/})
15... Rb8 16. Na4 $6 Nxa4 17. Bxe7 Kxe7 18. Qxe5 Qc5 19. Qe1 Nb2 20. Rd2 Nxc4
21. bxc4 Rhd8 22. Rad1 Rd7 23. Rxd7+ Nxd7 24. Qd2 Qc7 25. Qc3 g6 26. Kg2 Rd8
27. Qe3 h5 $17 {Schneider,A-Wojtkiewicz,A/Stara Zagora zt-B/1990/}) (11... O-O
$6 {is another move, which helps White realize his plan:} 12. Ba3 Nc5 13. e5
dxe5 14. Qxd8 Rfxd8 15. Nxe5 Bxg2 16. Kxg2 Rdc8 17. Na4 Rab8 18. Bxc5 bxc5 19.
Rd3 Rb7 20. f4 g6 21. g4 Rcc7 22. Rad1 Kf8 23. g5 Nh5 24. Kf3 Ke8 25. Nc3 f6
26. gxf6 Nxf6 27. Ne4 $1 $16 {Stohl,I-Hoffmann,M/BL 9596/1996/}) (11... Qb8 12.
Ba3 Nc5 13. e5 $5 dxe5 14. Qxe5 Ncd7 15. Qxb8+ Rxb8 16. Bb2 O-O 17. Nd4 Rfc8
18. Rac1 Kf8 19. h3 Rc5 20. f4 h5 21. g4 $5 hxg4 22. hxg4 Nxg4 23. Nxe6+ fxe6
24. Rxd7 $14 {Stohl,I-Greenfeld,A/WChJ Belfort/1983/}) 12. Ba3 Nc5 13. e5 dxe5
14. Qxe5 Rc8 15. Bc1 $5 {An interesting attempt.} ({Accurate play allows Black
to equalize after} 15. Qxc7 Rxc7 16. Bc1 (16. Ne5 $6 {Too unambitious, now
Black simplifies advantageously.} Bxg2 17. Kxg2 Nce4 $1 18. Bxe7 Kxe7 19. Nxe4
Nxe4 20. Rd4 Nc5 21. Rad1 f6 22. Nf3 e5 23. Rd5 Ne6 24. Rd6 Rb8 25. h4 h5 26.
Kf1 Nc5 27. Ne1 Ne4 28. R6d3 b5 29. Re3 Nd6 30. cxb5 axb5 $11 {Frois,A-Santos,
C/POR-chT Lisbon/1998/}) 16... Nfe4 17. Bf4 Rc8 18. Nxe4 Bxe4 19. Bd6 (19. Rd2
Bc6 20. Rad1 f6 21. Be3 Kf7 22. Ne1 Rhe8 23. Bxc6 Rxc6 24. f3 Rec8 25. Kf1 Ke8
26. Nc2 R6c7 27. Nd4 Kf7 28. Ne2 g5 29. Nc3 f5 30. g4 Bf6 $132 {Nogueiras,
J-Short,N/Montpellier ct/1985/}) 19... Bf6 20. Ne5 Nb7 $1 (20... Bxg2 21. Kxg2
Bxe5 22. Bxe5 f6 23. Bd6 Rc6 24. Rd4 e5 25. Rd5 Ne6 26. f4 exf4 27. gxf4 g6 28.
Kf3 Kf7 29. Ba3 Nc5 30. Bxc5 Rxc5 31. Rd7+ Ke6 32. Rad1 $40 {Ribli,Z-Ambroz,J/
Baile Herculane zt/1982/}) 21. f4 Nxd6 22. Rxd6 Be7 23. Rdd1 Bxg2 24. Kxg2 f6
25. Nf3 Bc5 26. Rd3 Rd8 27. Rad1 $11 {1/2,Andersson,U-Browne,W/Naestved/1985/})
15... Qxe5 16. Nxe5 Bxg2 17. Kxg2 Nfe4 $6 {Here the maneuver from Frois-Santos
is not so ideal, as the B is already back on c1.} (17... O-O $142 18. Be3 Rfd8
(18... Rc7 19. b4 Ncd7 20. Nxd7 Nxd7 21. Bf4 Rb7 22. Bd6 Bxd6 23. Rxd6 g6 24.
Rad1 Ne5 25. c5 bxc5 26. bxc5 Rc7 27. Na4 Ra8 28. f4 Nc4 29. Rd7 Raa7 30. Rd8+
Kg7 31. Rc1 $36 {Schirm,F-Rosenberger,F/Wiesbaden op/1993/}) 19. Rxd8+ Bxd8 20.
Rd1 Bc7 21. Nc6 (21. f4 $5 $14) 21... Kf8 22. Nb4 Be5 23. Ne2 a5 24. Bxc5+ bxc5
25. Nc2 Ke7 26. f4 Bc7 $132 {Schirm,F-Bethe,S/Bargteheide op/1988/}) 18. Nxe4
Nxe4 19. Be3 Nc5 (19... Bf6 20. f4 b5 21. Rac1 $36) 20. Rac1 $36 {[%csl Ra6,
Rb6,Rh8] ><a6,b6,Rh8 By seemingly inconspicuous play White has built up
unpleasant pressure.} f6 (20... O-O $6 21. Nd7 $16) 21. Nd3 Kf7 (21... Nxd3 22.
Rxd3 Rd8 (22... Rc6 23. Rcd1 {[%cal Gd1d8] <->d}) (22... b5 23. c5 $16 {
[%csl Gc5] o^c}) 23. Rcd1 Rxd3 24. Rxd3 Bd8 25. c5 bxc5 26. Rd6 $1 $36) 22.
Nxc5 bxc5 (22... Bxc5 $143 $2 {loses a pawn after} 23. Rd7+ Kg6 24. Bxc5 Rxc5
25. Rd6 $16) 23. Rd7 {[%csl Ra6,Rc5] ><a6,c5} Rhd8 24. Ra7 Rc6 25. Rc2 $1 $16 {
Intends to exchange Black's active R.} e5 26. Rd2 Rxd2 27. Bxd2 Ke6 (27... f5
$6 28. b4 $1 $18) 28. f4 $1 exf4 (28... e4 $2 29. f5+ Kf7 30. Kf2 $18 {[%csl
Re4][%cal Rf2e3] /\Ke3,><e4}) 29. Bxf4 $16 h5 30. Kf2 g6 $6 {Loses a tempo.} (
30... g5 $142 31. Be3 $16) 31. Ke2 Bd8 32. Kd3 g5 33. Be3 Bc7 34. a3 $1 Kf5 (
34... a5 35. Bd2 Rd6+ 36. Ke2 $16) 35. b4 {White plays the endgame very
methodically. Now he creates a passed pawn.} cxb4 36. axb4 Kg4 37. Bd4 {
[%cal Rb4b5,Rc4c5,Rd3c4,Rc4d5] /\b5,c5,Kc4-d5} (37. b5 $5 axb5 38. cxb5 Rd6+
39. Kc4 Bd8 $16) 37... Be5 $2 (37... Kh3 $142 $1 38. b5 (38. c5 Kxh2 39. Kc4
Bxg3 40. Kd5 Rc8 41. Rxa6 f5 $13) (38. Bxf6 Rxf6 39. Rxc7 Kxh2 40. Rh7 Kxg3 41.
Rxh5 g4 $11) 38... axb5 39. cxb5 Rc1 40. Bxf6 (40. Be3 Bb8 41. Ra8 Rd1+ 42. Ke2
Rd8 $13 {/\} 43. Ba7 Bc7 44. Rxd8 Bxd8 45. b6 Bxb6 46. Bxb6 Kxh2 $11) 40...
Kxh2 41. Bxg5 Rc5 $132) 38. c5 Kh3 (38... Bxd4 39. Kxd4 Kh3 40. Kd5 $18) 39.
Bxe5 fxe5 40. Ke4 Kxh2 41. Kd5 $1 Rc8 42. Rxa6 Rd8+ ({White's o^ are much
faster after} 42... Kxg3 43. b5 h4 44. b6 $18) (42... Rb8 43. c6 Rxb4 44. c7
Rd4+ 45. Kc5 Rd1 46. Rc6 $18) 43. Rd6 Re8 (43... Rb8 44. c6 Rxb4 45. c7 $18)
44. Ke4 $2 {Until now White has played consistently, but this move is
unnecessary.} (44. c6 $1 e4 45. c7 Rc8 (45... e3 46. Rd8 $18) 46. Kc6 Kxg3 47.
b5 e3 48. b6 e2 49. Re6 $18) 44... Rb8 45. Rb6 Rc8 $1 {Slows White down
considerably.} 46. Rh6 h4 $1 {[]} (46... Rb8 $6 47. Rxh5+ Kxg3 48. Rxg5+ Kh4
49. Rxe5 Rxb4+ 50. Kd5 $18) 47. gxh4 g4 48. Kxe5 $6 (48. c6 $142 $1 {/\} g3 49.
b5 g2 50. Rg6 g1=Q 51. Rxg1 Kxg1 52. Kxe5 {[%cal Re5d6,Rb5b6] /\Kd6,b6+-} Rb8
53. c7 Rxb5+ 54. Kd6 Rb6+ 55. Kd7 Rb7 56. Kd8 $18) 48... Rb8 $1 49. c6 (49. Rb6
Rg8 $132) 49... Rxb4 50. c7 Rc4 51. Kd6 g3 52. Rg6 g2 53. h5 (53. Kd7 Rd4+ 54.
Kc6 Rxh4 $1 $11) 53... Rc3 $5 (53... g1=Q 54. Rxg1 Kxg1 55. h6 Rc2 56. h7 Rd2+
57. Kc5 Rc2+ 58. Kd4 $18) 54. h6 Rd3+ 55. Kc6 Rc3+ 56. Kd6 $138 Rd3+ 57. Kc6 (
57. Ke5 Re3+ 58. Kd5 Re8 59. Kc6 Rh8 60. Kb7 $18) 57... Rc3+ 58. Kb6 $4 {
The final blunder.} (58. Kb7 Rb3+ 59. Ka6 Rc3 60. h7 $18) (58. Kd6 $18) 58...
Rg3 $1 $11 {Black's tenacious defense triumphs, now the game is a draw.} 59.
Rxg3 Kxg3 60. c8=Q g1=Q+ 61. Qc5 (61. Kb7 Qb1+ $11) 61... Qb1+ 62. Qb5 Qg6+ 63.
Qc6 Qb1+ 64. Ka7 Qh7+ 65. Ka6 Kg4 $1 {[%cal Rg4g5,Rg4h5] /\Kh5,Kg5} 1/2-1/2